000
00222nam a2200097Ia 4500
008
240331s9999 xx 000 0 und d
082
_b
SAM
100
_a
Saminatha, V
245
0
_a
Sila kalaiaalumaigal,padaippugal
942
_c
L
999
_c
3679
_d
3679